| 000 | 00634nam a2200157 a 4500 | ||
|---|---|---|---|
| 008 | 210224s1996 ||||||||||||||||| || u | ||
| 020 | _a0133030091 | ||
| 050 | _aHF 1017 Ber | ||
| 100 | _aBerenson, Mark L | ||
| 245 | 1 | 0 |
_aBasic business statistics:Concepts and application.(6th edition) _cBy Mark L. Berenson;David M.Levine |
| 260 |
_aNew jersey _bPrentice Hall _c1996 |
||
| 300 | _axxv,943 pages:illustrations | ||
| 650 | 7 |
_aSTATISTICS _2fast |
|
| 650 | 0 | _aCOMMERCIAL STATISTICS | |
| 995 |
_FCBU-MAIN LIBRARY (Kitwe) _UAVAILABLE _WMar 11, 2021 _ZMain Library Open Access Collection |
||
| 999 |
_c35503 _d35503 |
||